Zanimateľnaja jadernaja fizika

Gespeichert in:
Bibliographische Detailangaben
1. Verfasser: Muchin, Konstantin Nikiforovič (Verfasst von)
Format: Buch
Sprache:Russisch
Veröffentlicht: Moskva : Mir, 1985
Ausgabe:3.izd.
Tags: Tag hinzufügen
Keine Tags, Fügen Sie das erste Tag hinzu!

MARC

LEADER 00000nam a22000003a 4500
001 stu86423
005 20150617225629.9
008 040428s1985----xxr-----------------rus-d
040 |a STU  |b slo 
041 0 |a rus 
044 |a xxr 
080 |a 51-37  |7 stu_us_auth*stu7255 
080 |a 681.32-181.4  |7 stu_us_auth*stu8319 
080 |a 539.1 
100 1 |a Muchin, Konstantin Nikiforovič  |4 aut 
245 1 |a Zanimateľnaja jadernaja fizika 
250 |a 3.izd. 
260 |a Moskva :  |b Mir,  |c 1985 
300 |a 310 s 
996 |b E59736  |c E*59736  |l EE10  |s P  |a 0  |w stu86423_0001